Analýza dopadu znižovania dovoznej náročnosti automobilového priemyslu na celkovú produkciu SR - kvantifikácia na základe input-output modelu

Model input-output analýzy je štandardným modelom, ktorý popisuje medziodvetvové vzťahy v ekonomike. Zachytáva nielen reakciu ekonomiky ako celku na zmenu jednotlivých exogénnych alebo endogénnych premenných, ale dokáže bližšie postihnúť zmeny v jednotlivých odvetviach. Štruktúrny rozklad zložiek in...

Descrizione completa

Salvato in:
Dettagli Bibliografici
Autore principale: Silanič, Peter, 1984-
Altri autori: Fifeková, Elena
Natura: Capitolo di libro
Lingua:slovacco
Soggetti:
Tags: Aggiungi Tag
Nessun Tag, puoi essere il primo ad aggiungerne!!

MARC

LEADER 00000nla a2200000 4500
001 0164421
005 20240502072853.2
041 0 |a slo 
044 |a SK 
245 1 0 |a Analýza dopadu znižovania dovoznej náročnosti automobilového priemyslu na celkovú produkciu SR - kvantifikácia na základe input-output modelu  |c Peter Silanič, Elena Fifeková 
520 |a Model input-output analýzy je štandardným modelom, ktorý popisuje medziodvetvové vzťahy v ekonomike. Zachytáva nielen reakciu ekonomiky ako celku na zmenu jednotlivých exogénnych alebo endogénnych premenných, ale dokáže bližšie postihnúť zmeny v jednotlivých odvetviach. Štruktúrny rozklad zložiek input-output modelu. Štruktúrna dekompozícia umižní vyčísliť vplyv simulovaného zníženia dovoznej náročnosti slovenskej ekonomiky na premenné ako hrubá produkcia a v konečnom dôsledku aj zamestnanosť, a to vo viacerých uvažovaných scenároch. 
610 2 0 |a analýzy 
610 2 0 |a dekompozícia 
610 2 0 |a input-output 
610 2 0 |a modely input-output 
610 2 0 |a produkcia 
610 2 0 |a priemysel automobilový 
610 2 0 |a dovoz 
100 1 |a Silanič, Peter, 1984- 
700 1 |a Fifeková, Elena